| 000 | 00447cam a22001337a 4500 | ||
|---|---|---|---|
| 008 | 180718b1993 xxu||||| |||| 00| 0 eng d | ||
| 082 | _aT1 C172 | ||
| 100 | _aDutta, Prajit K. | ||
| 245 | _aOn specifying the parameters of a development plan | ||
| 260 |
_aOxford _bBlackwell _c1993 |
||
| 300 | _ap.75-99 | ||
| 500 | _a[In] Capital, investment and development, edited by Kaushik Basu, Mucuk Majumdar and Tapan Mitra | ||
| 650 | _aEconomic Development | ||
| 999 |
_c362872 _d362872 |
||